00904nam a22002297a 4500008004100000020001800041020001800059040007000077041000800147245009800155246003500253260006800288300004500356504005300401650003700454650003200491650003700523700003400560700002400594700002600618700003000644130821s2010 enka gr eng  a9780199282944 a9780199585922 aCo-BoUCMcAngélica Rojas (modificó)bspadAldemar Mondragón00aeng04aThe Oxford handbook of inter-organizational relationsceditado por Steve Cropper... [y otros]30aInter-organizational relations aOxford (Oxfordshire, Inglaterra)bOxford University Pressc2010 axxiv, 782 páginasbgráficas, cuadros aIncluye referencias bibliográficas e índices 7aAptitud creadora en los negocios 7aInnovaciones tecnológicas 7aRelaciones interorganizacionales1 aCropper, Steved1957-eeditor1 aEbers, Markeeditor1 aHuxham, Chriseeditor1 aSmith Ring, Petereeditor